Những tình huống đặc biệt trong thanh toán quốc tế

Sách giới thiệu về hoạt động của ngân hàng thương mại về thị trường ngoại hối. Những ví dụ về những tình huống đặc biệt phát sinh trong quá trình thanh toán quốc tế.

Sparad:
Bibliografiska uppgifter
Materialtyp: Bok
Språk:Undetermined
Publicerad: Hà Nội Thống kê 1995
Ämnen:
Taggar: Lägg till en tagg
Inga taggar, Lägg till första taggen!
Thư viện lưu trữ: Trung tâm Học liệu Trường Đại học Cần Thơ
LEADER 00837nam a2200181Ia 4500
001 CTU_153885
008 210402s9999 xx 000 0 und d
082 |a 332 
082 |b Nh556 
245 0 |a Những tình huống đặc biệt trong thanh toán quốc tế 
245 0 |c Nguyễn Ninh Kiều (dịch) 
260 |a Hà Nội 
260 |b Thống kê 
260 |c 1995 
520 |a Sách giới thiệu về hoạt động của ngân hàng thương mại về thị trường ngoại hối. Những ví dụ về những tình huống đặc biệt phát sinh trong quá trình thanh toán quốc tế. 
650 |a Banks and banking,International economic relations,Ngân hàng 
904 |i Năm 
980 |a Trung tâm Học liệu Trường Đại học Cần Thơ